| 000 | 00420cam a22001337a 4500 | ||
|---|---|---|---|
| 008 | 180718b1979 xxu||||| |||| 00| 0 eng d | ||
| 082 | _aZ000x54 M691 | ||
| 245 |
_aRural area development: perspectives and approaches _cedited by R. P. Misra and K. V. Sundaram |
||
| 260 |
_aNew Delhi _bSterling _c1979 |
||
| 300 | _aviii, 428p | ||
| 650 | _aRural development --India | ||
| 700 | _aSundaram, K. V. | ||
| 700 | _aMisra, R. P. | ||
| 999 |
_c430455 _d430455 |
||